| 000 | 00551nam a22001817a 4500 | ||
|---|---|---|---|
| 999 |
_c181611 _d181611 |
||
| 005 | 20210927144353.0 | ||
| 010 | _aENG-129975 | ||
| 020 |
_c1395.00 _a9789353886264 |
||
| 035 | _aEN-113507 | ||
| 037 | _bDBAD/PUB | ||
| 082 | _a333.335530954 | ||
| 245 |
_aContract Farming & Land Tenancy in Indian Agriculture; _cParmod Kumar |
||
| 250 | _a2021 | ||
| 260 |
_bSage _c2021 |
||
| 270 |
_bNew Delhi _aBI/1-1 Mohan Cooperative Industrial Area _e110044 |
||
| 300 |
_axix,326p _c21cm (pbk) _bindex |
||
| 942 |
_2ddc _cEN _mPAR _h333.335530954 |
||